市辖区没有连起来的地级市[含提示] - Statistics

General Stats
  • This quiz has been taken 15 times
  • The average score is 36 of 69
Answer Stats
省区 地市 未与主城区相连的市辖区 备注 % Correct
石家庄
86%
重庆 万州区
79%
重庆 黔江区
79%
郑州
79%
河北 石家庄 井陉矿区
71%
河北 承德 鹰手营子矿区
71%
内蒙古 包头 白云鄂博矿区
71%
重庆 开州区
71%
承德
71%
呼伦贝尔
71%
铜陵
71%
辽宁 营口 鲅鱼圈区
64%
安徽 铜陵 郊区 飞地
64%
福建 南平 延平区
64%
包头
64%
丹东
64%
营口
64%
阜新
64%
南平
64%
内蒙古 呼伦贝尔 扎赉诺尔区
57%
山东 青岛 黄岛区
57%
河南 郑州 上街区
57%
云南 昆明 东川区
57%
铁岭
57%
齐齐哈尔
57%
淮北
57%
青岛
57%
平顶山
57%
黄石
57%
六盘水
57%
昆明
57%
辽宁 阜新 清河门区
50%
安徽 淮北 杜集区 飞地
50%
福建 漳州 芗城区 飞地
50%
河南 平顶山 石龙区
50%
湖南 衡阳 南岳区
50%
贵州 六盘水 钟山区 飞地
50%
锦州
50%
漳州
50%
长沙
50%
衡阳
50%
西安
50%
辽宁 铁岭 清河区
43%
黑龙江 齐齐哈尔 碾子山区
43%
湖北 黄石 西塞山区 飞地
43%
湖南 长沙 岳麓区 飞地
43%
重庆 梁平区
43%
云南 昆明 盘龙区 飞地
43%
陕西 咸阳 杨陵区
43%
甘肃 白银 平川区
43%
湘潭
43%
岳阳
43%
乐山
43%
咸阳
43%
白银
43%
乌鲁木齐
43%
克拉玛依
43%
辽宁 丹东 振安区 飞地
36%
辽宁 锦州 太和区 飞地
36%
辽宁 营口 站前区 飞地
36%
湖南 湘潭 雨湖区 飞地
36%
四川 乐山 金口河区
36%
云南 昆明 五华区 飞地
36%
新疆 乌鲁木齐 达坂城区 飞地
36%
新疆 克拉玛依 独山子区 飞地
36%
南宁
36%
湖南 岳阳 君山区
29%
陕西 西安 长安区 飞地
29%
广西 南宁 西乡塘区 飞地
14%
No matching quizzes found
Score Distribution
Percent of People with Each Score
Percentile by Number Answered
Your Score History
You have not taken this quiz